| 000 | 00672nam a2200217 u 4500 | ||
|---|---|---|---|
| 005 | 20230622063530.0 | ||
| 008 | 160427s2006 ag r 000 0 spa d | ||
| 020 | _a9871296002 | ||
| 035 | _aUPN01000209871 | ||
| 049 | _aI | ||
| 050 | 4 |
_aPZ26.3 _bB3.7 |
|
| 100 | 1 |
_aBattut, Eric, _d1968- _933319 |
|
| 245 | 1 | 0 |
_aTres huevos / _cescrito e il. por Eric Battut ; tr. Ana MarĂa Cabanellas. |
| 260 |
_aBuenos Aires : _bUnaluna, _c2006 |
||
| 300 |
_a[25] p. : _bprincipalmente il. col. |
||
| 534 |
_pTitulo original: _tEi,Ei,Ei! |
||
| 650 | 0 |
_aCuentos infantiles franceses _98588 |
|
| 650 | 7 |
_aAves _vCuentos y leyendas _2 _94118 |
|
| 905 | _aInfantil | ||
| 999 |
_c181972 _d181972 |
||